000 00707nam a2200289Ia 4500
005 20260324150847.0
008 008 260324s9999 xx 000 0 eng d
020 _a9780203704752
037 _aEBOOK
040 _aCRL
040 _beng
040 _cCRL
041 _2eng
041 _aeng
084 _qCRL
100 _aAleksandr Polovtsoff; B. Litvinoff
_91227873
245 0 _aRevival: The Land of Timur (1932)
245 0 _bRecollections of Russian Turkestan
260 _bTaylor and Francis
260 _c1932
365 _a
365 _b300
856 _uhttp://www.taylorfrancis.com/books/9780203704752
942 _cEBOOK
999 _c1838059
_d1838059